Cómo se gobierna Filipinas /

Bibliographic Details
Main Author: Rizal, José, 1861-1896
Format: Electronic eBook
Language:Spanish
Published: Barcelona : www.Linkgua.com, 2011.
Series:Pensamiento (Linkgua Ediciones)
Subjects:
Online Access:Digitalia Hispánica

MARC

LEADER 00000nam a2200000Ii 4500
001 DIGLINK00453
003 NyNyDIG
006 m o d
007 cr |||||||||||
008 140101s2011 sp o 000 0 spa d
020 |a 9788498978834  |q (eBook) 
020 |z 9788496428010 
040 |a DGITA  |b eng  |e pn  |c DGITA 
043 |a a-ph--- 
050 1 4 |a DS685 eBook 
100 1 |a Rizal, José,  |d 1861-1896. 
245 1 0 |a Cómo se gobierna Filipinas /  |c José Rizal. 
264 1 |a Barcelona :  |b www.Linkgua.com,  |c 2011.  
300 |a 1 online resource (15 pages) 
336 |a text  |b txt  |2 rdacontent 
337 |a computer  |b c  |2 rdamedia 
338 |a online resource  |b cr  |2 rdacarrier 
490 1 |a Pensamiento. 
500 |a Originallly published in the periodical, La solidaridad in 1890. 
651 0 |a Philippines  |x Politics and government  |y 1896-1898.  
651 0 |a Philippines  |x Social conditions  |y 1896-1898.  
655 0 |a Electronic books. 
791 2 |a Digitalia (Firm),  |e distributor. 
830 0 |a Pensamiento (Linkgua Ediciones) 
793 0 |g Digitalia eBook Collection:  |a Linkgua. 
856 4 0 |3 Digitalia Hispánica  |u https://www.digitaliapublishing.com/a/16544/ 
910 |a Premium Collection: 2007-2012